2024 MLB Pitching Statistical Leaders - Statistics

General Stats
  • This quiz has been taken 106 times
  • The average score is 18 of 34
Answer Stats
Players % Correct
Tarik Skubal
98%
Chris Sale
90%
Emmanuel Clase
83%
Zack Wheeler
82%
Luis Gil
77%
Corbin Burnes
70%
Aaron Nola
63%
Alexis Díaz
63%
Seth Lugo
62%
Josh Hader
60%
Logan Gilbert
60%
Carlos Rodón
57%
Cole Ragans
57%
Dylan Cease
55%
Framber Valdez
53%
Ryan Helsley
53%
Garret Crochet
52%
Bryce Miller
50%
Mason Miller
50%
Robert Suárez
50%
Clay Holmes
48%
Logan Webb
48%
Pablo López
47%
George Kirby
45%
Shota Imanaga
45%
Sonny Gray
45%
Raisel Iglesias
37%
Kyle Finnegan
33%
Ronel Blanco
33%
José Berríos
32%
Kirby Yates
27%
Michael King
27%
Jason Foley
22%
Yusei Kikuchi
22%
No matching quizzes found
Score Distribution
Percent of People with Each Score
Percentile by Number Answered
Your Score History
You have not taken this quiz